Guide to Shakespeare:The life and alegacy of William Shakespeare (Record no. 89504)

MARC details
000 -LEADER
fixed length control field 00886nam a22002177a 4500
005 - DATE AND TIME OF LATEST TRANSACTION
control field 20141020170702.0
007 - PHYSICAL DESCRIPTION FIXED FIELD--GENERAL INFORMATION
fixed length control field CD
008 - FIXED-LENGTH DATA ELEMENTS--GENERAL INFORMATION
fixed length control field 141020b xxu||||| |||| 00| 0 eng d
010 ## - LIBRARY OF CONGRESS CONTROL NUMBER
LC control number DVD-008320-21
024 ## - OTHER STANDARD IDENTIFIER
Standard number or code 9781593392956
Terms of availability 499.00
040 ## - CATALOGING SOURCE
Original cataloging agency DPL
082 ## - DEWEY DECIMAL CLASSIFICATION NUMBER
Classification number CD
245 ## - TITLE STATEMENT
Title Guide to Shakespeare:The life and alegacy of William Shakespeare
Statement of responsibility, etc Britannica
Medium CD-ROM
260 ## - PUBLICATION, DISTRIBUTION, ETC. (IMPRINT)
Place of publication, distribution, etc Delhi
Date of publication, distribution, etc 2013
270 ## - ADDRESS
Address A-41, A-41Ground Floor(L-2) Mohan Cooperative Ind.Estate,Main Mathura Road
City New Delhi
Country India
300 ## - PHYSICAL DESCRIPTION
Extent 1 disc(cd)
440 ## - SERIES STATEMENT/ADDED ENTRY--TITLE
Title Profiles Series
500 ## - GENERAL NOTE
General note Immerse yourself in the world of Shakespeare.Writing activities and role- playing bring Shakespeare to life.
942 ## - ADDED ENTRY ELEMENTS (KOHA)
Source of classification or shelving scheme Dewey Decimal Classification
Item type CD-ROMs, DVDs, VHS
Classification part DVD
Call number suffix BRI
Holdings
Withdrawn status Lost status Source of classification or shelving scheme Damaged status Not for loan Home library Current library Date acquired Source of acquisition Cost, normal purchase price Total Checkouts Full call number Barcode Date last seen Date last borrowed Copy number Cost, replacement price Price effective from Koha item type
    Dewey Decimal Classification     Central Library Central Library 28/01/2015 33714/22.11.2013 499.00 1 DVD BRI DVD-008320 10/06/2016 03/06/2016 1 499.00 28/01/2015 CD-ROMs, DVDs, VHS
    Dewey Decimal Classification     Shahdara Branch Shahdara Branch 28/01/2015 33714/22.11.2013 499.00   DVD BRI DVD-008321 28/01/2015   1 499.00 28/01/2015 CD-ROMs, DVDs, VHS

© Delhi Public Library
Hit Counter
free hit counter